000 00780nam a2200229 u 4500
001 000020660
005 20200930011137.0
008 100812s1981 dr a r 000 0 spa d
020 _z0827013944
040 _aDO-SdBNP
_bspa
_cBPJMB
082 _a615
_bC568c
100 1 _aCid Cárcamo, Edison
_943409
245 1 0 _aCinética de disolución de medicamentos /
_cEdison Cid Cárcamo , editora Eva V. Chesneau.
260 _aWashington :
_bSecretaría General de la Organización de los Estados Americanos,
_c1981.
300 _a102 p. :
_bil. ;
_c23 cm.
490 1 _aMonografía
_v24
504 _aIncluye bibliografías [p. 71-81]
650 4 _aDrogas
_xPruebas
_943410
650 4 _aSolubilidad
_943411
700 1 _aChesneau, Eva V.
_943412
830 0 _aMonografía
_n24
_943413
999 _c20164
_d20164